[Event "Staufer op 35th"]
[Site "Schwaebisch Gmuend"]
[Date "2025.01.06"]
[Round "9"]
[White "Ehmann, Thilo"]
[Black "Yasmo, Daniil"]
[Result "1-0"]
[WhiteElo "2335"]
[BlackElo "2138"]
[PlyCount "113"]
[EventDate "2025.01.02"]
[EventType "swiss"]
[EventRounds "9"]
[EventCountry "GER"]
[SourceTitle "CB02_2025"]
[SourceDate "2025.01.08"]
[SourceVersion "1"]
[SourceVersionDate "2025.01.08"]
[SourceQuality "1"]

1. e4 e5 2. Nf3 Nc6 3. Bb5 Nf6 4. 0-0 Nxe4 5. d4 Nd6 6. Bxc6 dxc6 7. dxe5 Nf5 8. Qxd8+ Kxd8 9. h3 Be7 10. Nc3 Ke8 11. Bf4 Be6 12. Rad1 Rd8 13. Rxd8+ Kxd8 14. g4 Nh4 15. Nxh4 Bxh4 16. Kg2 h5 17. f3 Kc8 18. Ne4 Bd5 19. Ng3 hxg4 20. hxg4 Bxg3 21. Kxg3 Kd7 22. b3 c5 23. c4 Bc6 24. Bg5 Ke6 25. Re1 a5 26. a4 b6 27. f4 g6 28. Bh4 Bb7 29. Rd1 Be4 30. Rd2 Rc8 31. Bf6 Bc6 32. Kf2 Be4 33. Ke3 Bc6 34. Rf2 Rg8 35. f5+ gxf5 36. gxf5+ Kd7 37. Rh2 Rg3+ 38. Kf4 Rf3+ 39. Kg4 Be4 40. Re2 Bc6 41. Rd2+ Kc8 42. Rd8+ Kb7 43. Rf8 Be4 44. Rxf7 Rxf5 45. e6 Rf3 46. Be5 Rxb3 47. Rxc7+ Ka6 48. Kg5 Rf3 49. Bf4 Bc2 50. Rf7 Rxf4 51. Kxf4 Bxa4 52. e7 Bc6 53. Ke5 a4 54. Kd6 Be8 55. Rf8 Bh5 56. Ra8+ Kb7 57. Rxa4 1-0

[Event "Hoogeveen op 27th"]
[Site "Hoogeveen"]
[Date "2024.10.30"]
[Round "6"]
[White "Yasmo, Daniil"]
[Black "Vaupot, Kajetan"]
[Result "1/2-1/2"]
[WhiteElo "2156"]
[BlackElo "1870"]
[PlyCount "94"]
[EventDate "2024.10.26"]
[EventType "swiss"]
[EventRounds "9"]
[EventCountry "NED"]
[SourceTitle "CB45_2024"]
[Source "ChessBase"]
[SourceDate "2024.11.06"]
[SourceVersion "1"]
[SourceVersionDate "2024.11.06"]
[SourceQuality "1"]

1. e4 e5 2. Nf3 Nc6 3. Bb5 a6 4. Ba4 Nf6 5. 0-0 Be7 6. Re1 b5 7. Bb3 d6 8. c3 0-0 9. h3 Na5 10. Bc2 c5 11. d4 Nd7 12. Nbd2 exd4 13. cxd4 Nc6 14. Nf1 cxd4 15. Nxd4 Nxd4 16. Qxd4 Ne5 17. Ne3 Bxh3 18. Nf5 Bxf5 19. exf5 Bf6 20. Qd1 Qc7 21. Be4 Rac8 22. g4 Nc4 23. g5 Bxb2 24. Bxb2 Nxb2 25. Qh5 f6 26. Bd5+ Kh8 27. Re3 g6 28. fxg6 Qg7 29. Rh3 Rc7 30. Re1 fxg5 31. gxh7 g4 32. Rh4 Qd4 33. Rf1 Rc5 34. Qh6 Qf4 35. Qe6 Rxd5 36. Qxd5 Nc4 37. Qh5 Ne3 38. Qh6 Qxh6 39. Rxh6 Nxf1 40. Rxd6 g3 41. fxg3 Nxg3 42. Rxa6 Kxh7 43. a4 Ne2+ 44. Kh2 bxa4 45. Rxa4 Kg6 46. Ra5 Rf5 47. Rxf5 Kxf5 1/2-1/2

[Event "Bamberg op 6th"]
[Site "Bamberg"]
[Date "2024.09.07"]
[Round "6"]
[White "Rudolf, Marc"]
[Black "Yasmo, Daniil"]
[Result "1-0"]
[WhiteElo "1992"]
[BlackElo "2192"]
[PlyCount "119"]
[EventDate "2024.09.04"]
[EventType "swiss"]
[EventRounds "7"]
[EventCountry "GER"]
[SourceTitle "EXT 2025"]
[Source "ChessBase"]
[SourceDate "2024.10.14"]
[SourceVersion "1"]
[SourceVersionDate "2024.10.14"]
[SourceQuality "1"]

1. d4 d5 2. c4 e6 3. g3 dxc4 4. Bg2 Nf6 5. Nf3 c5 6. Qa4+ Bd7 7. Qxc4 b5 8. Qc2 Nc6 9. dxc5 Nb4 10. Qb3 Bxc5 11. a3 Nbd5 12. Ne5 Rc8 13. 0-0 Qb6 14. Nd2 Ne7 15. Ne4 Nxe4 16. Bxe4 Rd8 17. Qf3 0-0 18. e3 f5 19. b4 fxe4 20. bxc5 exf3 21. cxb6 axb6 22. Rb1 Rf5 23. Bb2 Bc6 24. g4 Rff8 25. Bd4 Rb8 26. h3 Rfc8 27. Kh2 Be4 28. Rxb5 Nd5 29. Rb2 Ra8 30. Kg3 Rc2 31. Nxf3 Rxa3 32. Ng5 Rxb2 33. Bxb2 Ra2 34. Rc1 Ne7 35. Bxg7 Kxg7 36. Nxe4 b5 37. Rb1 Ra4 38. Nc5 Rc4 39. Rxb5 Kf7 40. Nd3 Rc7 41. Nf4 Rc6 42. Rb7 Rd6 43. Ne2 Rc6 44. Nd4 Ra6 45. f4 Kf8 46. f5 e5 47. Ne6+ Kf7 48. Ng5+ Ke8 49. Rb8+ Kd7 50. Nxh7 Nd5 51. Rb3 Ke7 52. h4 Ra1 53. g5 e4 54. Rb7+ Ke8 55. g6 Nxe3 56. Kf4 Ng2+ 57. Kxe4 Ra4+ 58. Ke5 Ra5+ 59. Kf6 Nf4 60. g7 1-0

[Event "Bamberg op 6th"]
[Site "Bamberg"]
[Date "2024.09.04"]
[Round "1"]
[White "Yasmo, Daniil"]
[Black "Daksh, Jain1"]
[Result "1-0"]
[WhiteElo "2192"]
[BlackElo "1961"]
[PlyCount "85"]
[EventDate "2024.09.04"]
[EventType "swiss"]
[EventRounds "7"]
[EventCountry "GER"]
[SourceTitle "EXT 2025"]
[Source "ChessBase"]
[SourceDate "2024.10.14"]
[SourceVersion "1"]
[SourceVersionDate "2024.10.14"]
[SourceQuality "1"]

1. d4 Nf6 2. c4 e5 3. dxe5 Ng4 4. Nf3 Bc5 5. e3 Nc6 6. b3 Ngxe5 7. Nxe5 Nxe5 8. Bb2 d6 9. Be2 0-0 10. 0-0 Re8 11. Nd2 Bf5 12. e4 Bd7 13. Kh1 Qh4 14. f4 Ng4 15. Bxg4 Bxg4 16. Qc2 a5 17. Qc3 f6 18. Qd3 c6 19. Bd4 Qh5 20. Rae1 Rad8 21. Re3 Bxd4 22. Qxd4 Qc5 23. Qc3 d5 24. Rg3 d4 25. Qd3 f5 26. e5 h5 27. Nf3 Qe7 28. h4 Bxf3 29. Qxf3 Qxh4+ 30. Rh3 Qg4 31. Rxh5 Qxf3 32. gxf3 d3 33. Rxf5 d2 34. Rd1 Rd3 35. Kg2 Re6 36. Kf2 Rh6 37. Ke2 Rd8 38. Ke3 Rh2 39. e6 Rh6 40. Re5 Re8 41. f5 Rh5 42. Rxd2 g6 43. Rg2 1-0

[Event "GER-ch 95th"]
[Site "Ostfildern"]
[Date "2024.08.25"]
[Round "9"]
[White "Knuedel, Torben"]
[Black "Yasmo, Daniil"]
[Result "0-1"]
[WhiteElo "2336"]
[BlackElo "2046"]
[PlyCount "112"]
[EventDate "2024.08.19"]
[EventType "swiss"]
[EventRounds "9"]
[EventCountry "GER"]
[SourceTitle "CBM 221 Extra"]
[Source "ChessBase"]
[SourceDate "2024.09.30"]
[SourceVersion "1"]
[SourceVersionDate "2024.09.30"]
[SourceQuality "1"]

1. e4 e6 2. d4 d5 3. Nc3 Bb4 4. Nge2 dxe4 5. a3 Bxc3+ 6. Nxc3 Nc6 7. Bf4 Nf6 8. Bb5 Nd5 9. Bxc6+ bxc6 10. Qd2 Qf6 11. Be5 Qg6 12. 0-0-0 0-0 13. h4 f6 14. h5 Qxg2 15. Nxd5 cxd5 16. Rdg1 Qf3 17. Bf4 Ba6 18. Rh4 Rf7 19. Rhg4 Kh8 20. h6 g6 21. R4g3 Qe2 22. Qc3 Qb5 23. Qd2 c5 24. dxc5 Qxc5 25. Rc3 Bc4 26. Be3 Qa5 27. Qd4 e5 28. Qc5 Qxc5 29. Bxc5 Rc8 30. b4 a5 31. Rd1 Kg8 32. Kd2 Rb7 33. Ke1 Kf7 34. f3 exf3 35. Rxf3 Ke6 36. Kd2 axb4 37. axb4 Ra8 38. Rh1 Ra2 39. Rg3 Rb8 40. Rb1 d4 41. Rgg1 d3 42. Rgc1 Rd8 43. Kc3 dxc2 44. Rb2 Rxb2 45. Kxb2 Bd3 46. Ra1 Rd7 47. Ra3 e4 48. Rb3 Rc7 49. Be3 Rb7 50. Bd2 Kf5 51. Ra3 g5 52. Ra8 Kg6 53. Rf8 Rb6 54. Bc3 Rc6 55. Bd2 c1Q+ 56. Bxc1 Rc2+ 0-1

[Event "GER-ch 95th"]
[Site "Ostfildern"]
[Date "2024.08.22"]
[Round "5"]
[White "Rosner, Jonas"]
[Black "Yasmo, Daniil"]
[Result "1-0"]
[WhiteElo "2437"]
[BlackElo "2046"]
[PlyCount "57"]
[EventDate "2024.08.19"]
[EventType "swiss"]
[EventRounds "9"]
[EventCountry "GER"]
[SourceTitle "CBM 221 Extra"]
[Source "ChessBase"]
[SourceDate "2024.09.30"]
[SourceVersion "1"]
[SourceVersionDate "2024.09.30"]
[SourceQuality "1"]

1. d4 d5 2. c4 e6 3. Nf3 c6 4. e3 Nf6 5. b3 Bb4+ 6. Nbd2 Ne4 7. a3 Bc3 8. Ra2 Nd7 9. Bd3 Qf6 10. 0-0 Bxd2 11. Bxd2 Nxd2 12. Rxd2 0-0 13. Qc2 h6 14. Qb2 Re8 15. Ne5 Nxe5 16. dxe5 Qe7 17. f4 f5 18. g4 fxg4 19. Rg2 Qh4 20. Bb1 Rf8 21. Qc2 Rf5 22. Qd1 Rf7 23. Rxg4 Qh3 24. Rg3 Qh4 25. Qc2 Rf5 26. Qg2 Rf7 27. Rh3 Qe7 28. Rxh6 Qxa3 29. Qg6 1-0

[Event "GER-ch U14"]
[Site "Willingen"]
[Date "2024.05.24"]
[Round "8"]
[White "Tuerel, Tugrul"]
[Black "Yasmo, Daniil"]
[Result "1-0"]
[WhiteElo "2070"]
[BlackElo "2067"]
[PlyCount "43"]
[EventDate "2024.05.19"]
[EventType "swiss"]
[EventRounds "9"]
[EventCountry "GER"]
[SourceTitle "CBM 220 Extra"]
[Source "ChessBase"]
[SourceDate "2024.07.31"]
[SourceVersion "1"]
[SourceVersionDate "2024.07.31"]
[SourceQuality "1"]

1. e4 e5 2. Nf3 Nc6 3. Bc4 Bc5 4. c3 Nf6 5. d3 0-0 6. Bg5 h6 7. Bh4 d6 8. Nbd2 a5 9. h3 Be6 10. g4 Qd7 11. Bxf6 gxf6 12. Nh4 d5 13. exd5 Bxd5 14. Bxd5 Qxd5 15. Ne4 Kg7 16. Nf5+ Kg6 17. h4 h5 18. Qf3 Qd8 19. Nxc5 Kh7 20. g5 Rh8 21. Qxh5+ Kg8 22. Nh6+ 1-0

[Event "GER-ch U14"]
[Site "Willingen"]
[Date "2024.05.21"]
[Round "4"]
[White "Mukazhanov, Mansur"]
[Black "Yasmo, Daniil"]
[Result "0-1"]
[WhiteElo "1919"]
[BlackElo "2067"]
[PlyCount "110"]
[EventDate "2024.05.19"]
[EventType "swiss"]
[EventRounds "9"]
[EventCountry "GER"]
[SourceTitle "CBM 220 Extra"]
[Source "ChessBase"]
[SourceDate "2024.07.31"]
[SourceVersion "1"]
[SourceVersionDate "2024.07.31"]
[SourceQuality "1"]

1. e4 c5 2. Nf3 Nc6 3. d4 cxd4 4. Nxd4 Nf6 5. Nc3 g6 6. Nxc6 dxc6 7. Qxd8+ Kxd8 8. Bc4 Ke8 9. e5 Nd7 10. f4 f6 11. 0-0 Bg7 12. Be3 fxe5 13. Rae1 Rf8 14. Ne4 Nb6 15. Bb3 Nd5 16. Bd2 exf4 17. Ng5 Rf5 18. Ne4 Bd4+ 19. Kh1 Ne3 20. Rf3 g5 21. c3 Bb6 22. Bg8 h6 23. Bh7 Re5 24. Bg6+ Kd8 25. c4 Bg4 26. Bxe3 Bxe3 27. Rexe3 fxe3 28. Rxe3 Bf5 29. Bxf5 Rxf5 30. Ng3 Rf2 31. h3 Rxb2 32. Nf5 Rc8 33. Nxh6 Kd7 34. Nf5 e6 35. Ng7 Rxa2 36. Nxe6 Ra5 37. Nd4 Re8 38. Rd3 Kc7 39. Rg3 Ree5 40. Nf3 Rec5 41. Rg4 Kd7 42. Nd2 Ra4 43. Kg1 b5 44. Kf2 b4 45. Rd4+ Ke6 46. Nb3 Re5 47. c5 Ra2+ 48. Kf3 a5 49. Rd6+ Ke7 50. Nd4 Rxc5 51. Rh6 b3 52. Ke4 b2 53. Rh7+ Ke8 54. Rh8+ Kd7 55. Rb8 Rb5 0-1

[Event "Warsaw Najdorf Memorial op-B"]
[Site "Warsaw"]
[Date "2023.07.16"]
[Round "6"]
[White "Szefer, Michal"]
[Black "Yasmo, Daniil"]
[Result "0-1"]
[WhiteElo "1863"]
[BlackElo "1778"]
[PlyCount "88"]
[EventDate "2023.07.11"]
[EventType "swiss"]
[EventRounds "9"]
[EventCountry "POL"]
[SourceTitle "EXT 2024"]
[Source "ChessBase"]
[SourceDate "2023.10.10"]
[SourceVersion "1"]
[SourceVersionDate "2023.10.10"]
[SourceQuality "1"]

1. g3 e5 2. c4 c6 3. Bg2 d5 4. Nf3 e4 5. Nd4 Nf6 6. d3 Bb4+ 7. Bd2 Qb6 8. Bxb4 Qxb4+ 9. Qd2 Qb6 10. Nb3 dxc4 11. dxc4 0-0 12. c5 Qc7 13. Nc3 Re8 14. Qd6 Qxd6 15. cxd6 Na6 16. 0-0-0 Be6 17. Na5 Rab8 18. Nxe4 Nxe4 19. Bxe4 Bxa2 20. d7 Red8 21. Rd2 Be6 22. Rhd1 Nc5 23. Bc2 Kf8 24. e4 Rxd7 25. f4 Rxd2 26. Rxd2 Ke7 27. f5 Bd7 28. Nc4 Rd8 29. e5 f6 30. Re2 b5 31. Na5 Rc8 32. e6 Be8 33. Rd2 Rd8 34. Rxd8 Kxd8 35. Kd2 Kc7 36. Nb3 Nxb3+ 37. Bxb3 Kd6 38. Ke3 Ke5 39. g4 c5 40. Bc2 c4 41. h4 h6 42. Be4 a5 43. h5 a4 44. Bb7 c3 0-1

[Event "Warsaw Najdorf Memorial op-B"]
[Site "Warsaw"]
[Date "2022.07.10"]
[Round "2"]
[White "Yasmo, Daniil"]
[Black "Adamowicz, Michal"]
[Result "1-0"]
[WhiteElo "1680"]
[BlackElo "1408"]
[PlyCount "89"]
[EventDate "2022.07.09"]
[EventType "swiss"]
[EventRounds "9"]
[EventCountry "POL"]
[SourceTitle "CBM 209 Extra"]
[Source "ChessBase"]
[SourceDate "2022.09.30"]
[SourceVersion "1"]
[SourceVersionDate "2022.09.30"]
[SourceQuality "1"]

1. e4 c5 2. c4 Nc6 3. Nc3 Nf6 4. g3 d6 5. Bg2 g6 6. Nge2 Bg7 7. 0-0 0-0 8. a3 a6 9. Rb1 Rb8 10. b4 cxb4 11. axb4 b5 12. cxb5 axb5 13. d4 e5 14. dxe5 dxe5 15. Nd5 Nxd5 16. exd5 Nd4 17. Nxd4 exd4 18. Bf4 Ra8 19. Rc1 Ra4 20. Bc7 Qg5 21. h4 Qg4 22. Bf3 Qf5 23. Bd6 Rd8 24. Be7 Re8 25. d6 Bd7 26. Rc7 Be5 27. Re1 f6 28. Bd5+ Kg7 29. Be4 Qe6 30. Bc2 Rxb4 31. f4 Qh3 32. Qf3 Rxe7 33. fxe5 Rf7 34. exf6+ Rxf6 35. Rxd7+ Qxd7 36. Re7+ Qxe7 37. dxe7 Rxf3 38. e8Q Rb2 39. Qe5+ Kh6 40. Qg5+ Kg7 41. Qe5+ Kh6 42. Be4 Re3 43. Qg5+ Kg7 44. Qe7+ Kh6 45. Qf8+ 1-0

[Event "Kiev Spring op"]
[Site "Kiev"]
[Date "2021.07.17"]
[Round "9"]
[White "Torba, Semen"]
[Black "Yasmo, Daniil"]
[Result "1-0"]
[WhiteElo "1064"]
[BlackElo "1611"]
[PlyCount "139"]
[EventDate "2021.07.10"]
[EventType "swiss"]
[EventRounds "9"]
[EventCountry "UKR"]
[SourceTitle "EXT 2024"]
[Source "ChessBase"]
[SourceDate "2023.10.10"]
[SourceVersion "1"]
[SourceVersionDate "2023.10.10"]
[SourceQuality "1"]

1. e4 c5 2. g3 Nc6 3. Bg2 d6 4. f4 g6 5. Nf3 Bg7 6. d3 e6 7. c3 Nge7 8. 0-0 0-0 9. Nbd2 b5 10. Nb3 a5 11. Be3 a4 12. Nbd2 a3 13. Qc2 axb2 14. Qxb2 b4 15. d4 bxc3 16. Qxc3 cxd4 17. Nxd4 Ra4 18. e5 Nxd4 19. Bxd4 Nf5 20. Bf2 dxe5 21. fxe5 Qa5 22. Qxa5 Rxa5 23. Nc4 Ra4 24. Nb6 Ra5 25. Nc4 Ra6 26. Bc5 Rd8 27. Rad1 Bd7 28. Bb6 Rc8 29. Bb7 Rxc4 30. Bxa6 Rc6 31. Rxd7 Rxb6 32. Rd8+ Bf8 33. Bd3 Kg7 34. Bxf5 gxf5 35. a4 Bc5+ 36. Kh1 Ra6 37. Ra1 Bb4 38. Ra2 Bc3 39. Rc8 Bxe5 40. a5 Bd6 41. Ra4 e5 42. Kg2 e4 43. h4 h5 44. Kf2 Kg6 45. Rg8+ Kf6 46. Rh8 Bc5+ 47. Ke2 Ke5 48. Rxh5 Bd6 49. Rh7 f6 50. Rb7 Kd5 51. h5 Bxg3 52. h6 f4 53. h7 f3+ 54. Kf1 e3 55. Ra2 Rc6 56. Rb1 Rc8 57. a6 Ke6 58. a7 Kf7 59. a8Q Rxa8 60. Rxa8 e2+ 61. Kg1 f2+ 62. Kg2 e1Q 63. Rxe1 fxe1Q 64. h8Q Qf2+ 65. Kh3 Qh2+ 66. Kg4 f5+ 67. Kxf5 Qc2+ 68. Kg4 Qg6+ 69. Kh3 Bc7 70. Qf8+ 1-0

[Event "EU-ch U08 28th"]
[Site "Riga"]
[Date "2018.08.24"]
[Round "5"]
[White "Yasmo, Daniil"]
[Black "Villa Tornero, Alex"]
[Result "1-0"]
[WhiteElo "1261"]
[BlackElo "1394"]
[PlyCount "107"]
[EventDate "2018.08.20"]
[EventType "swiss"]
[EventRounds "9"]
[EventCountry "LAT"]
[SourceTitle "CBM 186 Extra"]
[Source "ChessBase"]
[SourceDate "2018.08.24"]
[SourceVersion "1"]
[SourceVersionDate "2018.08.24"]
[SourceQuality "1"]

1. d4 Nf6 2. Nf3 c5 3. e3 d5 4. Be2 Nc6 5. 0-0 Bf5 6. a3 e6 7. dxc5 Bxc5 8. b4 Be7 9. Bb2 a6 10. Nbd2 0-0 11. c4 Ne4 12. Nxe4 dxe4 13. Nd4 Nxd4 14. Bxd4 Bf6 15. Bxf6 Qxf6 16. Qb3 Rfd8 17. Rad1 Qg5 18. Kh1 Rxd1 19. Rxd1 Rd8 20. Rxd8+ Qxd8 21. Qd1 Qxd1+ 22. Bxd1 Kf8 23. h4 e5 24. Bc2 g6 25. c5 Ke7 26. Kg1 Kd7 27. Ba4+ Kc7 28. Kf1 b6 29. cxb6+ Kxb6 30. Ke1 a5 31. Kd2 axb4 32. axb4 Be6 33. Kc3 f5 34. Bb3 Bd7 35. g3 Kc7 36. Bc4 Kd6 37. Ba6 f4 38. gxf4 exf4 39. exf4 Ke6 40. Kd4 Kf5 41. b5 Bxb5 42. Bxb5 Kxf4 43. Be2 h6 44. Bd1 g5 45. hxg5 hxg5 46. Be2 g4 47. Bxg4 Kxg4 48. Kxe4 Kg5 49. Ke5 Kg6 50. f4 Kf7 51. Kf5 Ke8 52. Ke6 Kf8 53. Kf6 Kg8 54. Ke7 1-0